156_ Personnalités nées un 5 juin par images - Statistiques

Statistiques générales
  • Ce quiz a été pris 11 fois
  • Le résultat moyen est 3 sur 9
Statistiques - réponses
Par images Hint Réponse % Correct
Animateur Guy Carlier
73%
Acteur Mark Wahlberg
64%
Économiste Adam Smith
45%
Économiste John Maynard Keynes
45%
Famille Royale Astrid de Belgique
9%
Réalisateur Jacques Demy
9%
Chanteur Troye Sivan
9%
Chanteuse Cécilia Cara
0%
Chanteuse Laurie Anderson
0%
Aucun quiz correspondant
Distribution des résultats
% des personnes avec chaque résultat
Percentile par nombre de réponses
Votre historique - résultats
Vous n’avez pas pris ce quiz